<?xml version="1.0" encoding="UTF-8"?><?xml-stylesheet type="text/xsl" href="static/style.xsl"?><OAI-PMH xmlns="http://www.openarchives.org/OAI/2.0/" xmlns:xsi="http://www.w3.org/2001/XMLSchema-instance" xsi:schemaLocation="http://www.openarchives.org/OAI/2.0/ http://www.openarchives.org/OAI/2.0/OAI-PMH.xsd"><responseDate>2026-06-29T16:48:32Z</responseDate><request verb="GetRecord" identifier="oai:docta.ucm.es:20.500.14352/136896" metadataPrefix="marc">https://docta.ucm.es/rest/oai/request</request><GetRecord><record><header><identifier>oai:docta.ucm.es:20.500.14352/136896</identifier><datestamp>2026-05-26T00:00:51Z</datestamp><setSpec>com_20.500.14352_14</setSpec><setSpec>col_20.500.14352_15</setSpec></header><metadata><record xmlns="http://www.loc.gov/MARC21/slim" xmlns:dcterms="http://purl.org/dc/terms/" xmlns:xsi="http://www.w3.org/2001/XMLSchema-instance" xmlns:doc="http://www.lyncode.com/xoai" xsi:schemaLocation="http://www.loc.gov/MARC21/slim http://www.loc.gov/standards/marcxml/schema/MARC21slim.xsd">
   <leader>00925njm 22002777a 4500</leader>
   <datafield ind2=" " ind1=" " tag="042">
      <subfield code="a">dc</subfield>
   </datafield>
   <datafield ind2=" " ind1=" " tag="720">
      <subfield code="a">Marques Coelho, Carina</subfield>
      <subfield code="e">author</subfield>
   </datafield>
   <datafield ind2=" " ind1=" " tag="720">
      <subfield code="a">de la Fuente Fernández, Pablo</subfield>
      <subfield code="e">author</subfield>
   </datafield>
   <datafield ind2=" " ind1=" " tag="720">
      <subfield code="a">Bononad, Paula</subfield>
      <subfield code="e">author</subfield>
   </datafield>
   <datafield ind2=" " ind1=" " tag="720">
      <subfield code="a">Viñals, Sílvia</subfield>
      <subfield code="e">author</subfield>
   </datafield>
   <datafield ind2=" " ind1=" " tag="720">
      <subfield code="a">Tavares de Sousa, Célia</subfield>
      <subfield code="e">author</subfield>
   </datafield>
   <datafield ind2=" " ind1=" " tag="720">
      <subfield code="a">Galaviz, Daniel</subfield>
      <subfield code="e">author</subfield>
   </datafield>
   <datafield ind2=" " ind1=" " tag="720">
      <subfield code="a">Herrera, Federico</subfield>
      <subfield code="e">author</subfield>
   </datafield>
   <datafield ind2=" " ind1=" " tag="720">
      <subfield code="a">del Monte-García, Inés</subfield>
      <subfield code="e">author</subfield>
   </datafield>
   <datafield ind2=" " ind1=" " tag="720">
      <subfield code="a">Sánchez Parcerisa, Daniel</subfield>
      <subfield code="e">author</subfield>
   </datafield>
   <datafield ind2=" " ind1=" " tag="720">
      <subfield code="a">Cortés-Llanos, Belén</subfield>
      <subfield code="e">author</subfield>
   </datafield>
   <datafield ind2=" " ind1=" " tag="260">
      <subfield code="c">2026-04-15</subfield>
   </datafield>
   <datafield ind2=" " ind1=" " tag="520">
      <subfield code="a">Objective. To develop and optimise a dedicated low-energy proton beamline at the Centre for Micro-Analysis of Materials (CMAM, Madrid, Spain) for radiobiological applications. Approach. An automated irradiation system was implemented, integrating Gafchromic EBT3 radiochromic film dosimetry corrected for linear energy transfer dependent quenching and post-irradiation darkening. Dosimetric calibration was performed using multichannel analysis, and beam performance was systematically evaluated as a function of distance, raster scanning area, beam intensity and reproducibility. Main results. Optimal operating conditions were identified at moderate beam currents (⩽1nA) and scanning areas of 40 × 40 to 50 × 50mm2, yielding homogeneous dose distributions with reproducibility better than 8%. The dosimetric protocol demonstrated linearity across clinically relevant dose ranges and allowed a reliable correlation between irradiation parameters and absorbed dose. Proof-of-concept experiments on U-87 MG glioblastoma cells confirmed the system’s ability to deliver controlled and biologically effective proton exposures, as demonstrated by clonogenic survival assays. Significance. These results establish the CMAM implantation beamline as a robust and versatile platform for preclinical proton radiobiology, providing accurate dosimetric control and supporting investigations of relative biological efficacy. The system facilitates translational advances in proton radiobiology, bridging physical and biological studies in low-energy proton irradiation.</subfield>
   </datafield>
   <datafield ind1="8" ind2=" " tag="024">
      <subfield code="a">Marques Coelho, Carina, et al. «Development and characterisation of a radiobiology proton beamline using radiochromic film dosimetry». Physics in Medicine &amp; Biology, vol. 71, n.o 8, abril de 2026, p. 085003. DOI.org (Crossref), https://doi.org/10.1088/1361-6560/ae5457.</subfield>
   </datafield>
   <datafield ind1="8" ind2=" " tag="024">
      <subfield code="a">0031-9155</subfield>
   </datafield>
   <datafield ind1="8" ind2=" " tag="024">
      <subfield code="a">10.1088/1361-6560/ae5457</subfield>
   </datafield>
   <datafield ind1="8" ind2=" " tag="024">
      <subfield code="a">https://hdl.handle.net/20.500.14352/136896</subfield>
   </datafield>
   <datafield ind1="8" ind2=" " tag="024">
      <subfield code="a">1361-6560</subfield>
   </datafield>
   <datafield ind1="8" ind2=" " tag="024">
      <subfield code="a">https://dx.doi.org/10.1088/1361-6560/ae5457</subfield>
   </datafield>
   <datafield ind1="8" ind2=" " tag="024">
      <subfield code="a">https://iopscience.iop.org/article/10.1088/1361-6560/ae5457</subfield>
   </datafield>
   <datafield ind2="0" ind1="0" tag="245">
      <subfield code="a">Development and characterisation of a radiobiology proton beamline using radiochromic film dosimetry</subfield>
   </datafield>
</record></metadata></record></GetRecord></OAI-PMH>